000 00548nam a2200217 a 4500
001 BRCA_6096
005 20190320205331.0
008 220611s1830----fr-#######---#000-1#fre-#
041 _afre
044 _afr
050 4 _aPQ2168
_b.B35
_c1830
100 1 _aBalzac, Honore de
_d1799-1850
_915415
245 1 0 _aLa père Goriot
_cHonore de Balzac.
250 _aEdición especial.
260 _aParís
_bR. Simon
_c[1830]
300 _a287 p.
_c19 cm.
500 _aI20
650 1 4 _aLiteratura Francesa.
_915416
902 _aGFM
942 _2lcc
_cB
999 _c5783
_d5783